000 00635nam a22002297a 4500
003 UA-OsUOA
001 507
007 ta
008 20050603b un ||||| |||| 00| 0 ukr d
090 _a94(477)18
_bТ47
942 _cBK
040 _aUA-OsUOA
_bukr
_cUA-OsUOA
_dUA-OsUOA
245 _aТияча років української суспільно- політичної думки
300 _a512 с.
955 _a1
041 _aukr
080 _a94(477)18
020 _a966-578-071-9
260 _aК.
_bДніпро
_c2001
650 7 _a9 Географія. Біографії. Історія
_2UDC
999 _c286666
_d286666